000 00586nam a2200229 i 4500
001 bg
100 1 _aBANY, Bogdan
245 0 _aDiody i tyrystory mocy /
_cBogdan Bany, Wojciech Tęsny.
250 _aWyd.2 zm.
260 _aWarszawa :
_bWydawnictwa Naukowo-Techniczne,
_c1988.
300 _a327 s. :
_brys., wykr. ;
_c21 cm.
650 9 _aDiody
650 9 _aTyrystory
700 1 _aTĘSNY, Wojciech
020 _a8320409454
040 _cBPK
041 _apol
080 _a621.382
920 _a83-204-0945-4
942 _cKS
008 s pl f |000 0 pol
999 _c23963
_d23963
856 _uhttp://koha.tu.koszalin.pl/cgi-bin/koha/opac-detail.pl?biblionumber=23963
_yKatalog online BPK